| 000 | 03425cam a22002054a 4500 | ||
|---|---|---|---|
| 005 | 20250605163946.0 | ||
| 008 | 250528s ||||||||||||||||||||||||d | ||
| 035 | _a15226 | ||
| 040 |
_aGR-AtMCL _bgre _dGR-AtMCL _eAACR2 |
||
| 245 | 1 | _aΧρηματοοικονομική Διοίκηση / Financial Management: Τρίτη Έκδοση | |
| 250 | _a3η | ||
| 260 |
_bΒασίλειος Παπουλιας Α.Ε. Επενδυτικών Υπηρεσιών, _c2000 |
||
| 300 | _a752 | ||
| 505 | 0 | _aΒασικές Αρχές Χρηματοοικονομικής, Εισαγωγή στη Χρηματοοικονομική, Περιβάλλον Επιχειρηματικής Δραστηριότητας, Προεξόφληση Ταμιακών Ροών, Οικονομικές Αγορές και Αποδόσεις, Θεμελιώδεις Αρχές Αποτίμησης, Αποτίμηση Ομολογιών και Μετοχών, Εισαγωγή στο Ρίσκο, Αποτίμηση Μετοχικών Αξιών - CAPM, Το Κόστος του Κεφαλαίου, Κεφαλαιουχικός Προϋπολογισμός, Βασικές Αρχές Κεφαλαιουχικών Επενδύσεων, Εκτίμηση Ταμιακής Ροής και Αξιολόγηση, Ανάλυση Κινδύνου στο Πλαίσιο Λήψης Επενδυτικής Απόφασης, Αξιολόγηση Επενδύσεων με Ρίσκο, Ανάλυση για την Άριστη Κεφαλαιακή Διάρθρωση, Η Θεωρία της Κεφαλαιακής Διάρθρωσης, Μερισματική Πολιτική, Μακροπρόθεσμη Χρηματοδότηση, Ανάπτυξη και Επιχειρηματική Αποτυχία, Κεφάλαιο Κίνησης, Ανάλυση Χρηματοοικονομικών Καταστάσεων και Πρόβλεψη. | |
| 520 | _aΒασικές Αρχές Χρηματοοικονομικής, Εισαγωγή στη Χρηματοοικονομική, Περιβάλλον Επιχειρηματικής Δραστηριότητας, Προεξόφληση Ταμιακών Ροών, Οικονομικές Αγορές και Αποδόσεις, Θεμελιώδεις Αρχές Αποτίμησης, Αποτίμηση Ομολογιών και Μετοχών, Εισαγωγή στο Ρίσκο, Αποτίμηση Μετοχικών Αξιών - CAPM, Το Κόστος του Κεφαλαίου, Κεφαλαιουχικός Προϋπολογισμός, Βασικές Αρχές Κεφαλαιουχικών Επενδύσεων, Εκτίμηση Ταμιακής Ροής και Αξιολόγηση, Ανάλυση Κινδύνου στο Πλαίσιο Λήψης Επενδυτικής Απόφασης, Αξιολόγηση Επενδύσεων με Ρίσκο, Ανάλυση για την Άριστη Κεφαλαιακή Διάρθρωση, Η Θεωρία της Κεφαλαιακής Διάρθρωσης, Μερισματική Πολιτική, Μακροπρόθεσμη Χρηματοδότηση, Ανάπτυξη και Επιχειρηματική Αποτυχία, Κεφάλαιο Κίνησης, Ανάλυση Χρηματοοικονομικών Καταστάσεων και Πρόβλεψη. | ||
| 700 | 1 |
_aΠαππούλιας Γεώργιος Π _91109 |
|
| 942 | _cBK | ||
| 999 |
_c820 _d820 |
||